01673nam a22002537a 4500952010000000952010600100999001700206008004100223020001800264050001800282050001800300100002900318245009900347250001800446260003200464300002700496500010900523505057400632519010101206650002901307650004601336650003001382942000701412 00102lcc4070a11b11d2013-03-19l0oH61 B737 2006p11 010027r2013-03-19t1w2013-03-19yLB 00104070a04b04d2015-06-25l1oH61 B75 2006p04 003904r2019-01-22s2019-01-22t1w2015-06-25yLB c89238d89238130319t20062012mx ||||| |||| 00| 0 spa d a9789682476648 4aH61 B737 200614aH61bB75 2006 aBriones, Gullermoeautor10aTeorías de las ciencias sociales y de la educaciónb: Epistemologíac/ Guillermo Briones a2a. edición3 aMéxicob: Trillasc, 2006 a198 páginasc; 23 cm aReimpresión 2012 Incluye índice onomástico (p. 183-185) Incluye índice analítico (p. 187-198)2 aBases filosóficas de las ciencias sociales Las grandes doctrinas filosóficas Otras escuelas filosóficas Construcción y fundamentación epistemológica de las ciencias sociales Las ciencias sociales como ciencias explicativas Las ciencias sociales como ciencias interpretativas Paradigmas y programas de investigación Los grandes paradigmas teóricos y metodológicos Integración de paradigmas Nuevas teorías de las ciencias sociales Teorías explicativas Teorías interpretativas Teorías de la educación El estado actual de la teoría social aEducación Mixta /bPsicología /cMedición y Cambio de Actividades (B13 L-2) /d(04 003904)1 aCONOCIMIENTO, TEORIA DEL2 aCIENCIAS SOCIALES - ESTUDIO Y ENSEÑANZA2 aEDUCACIÓN - FILOSOFÍA cLB